La tradition égyptienne ... /

محفوظ في:

المؤلف الرئيسي: Meslin, Henri Louis. (مؤلف)

مؤلفون آخرون: Chaboseau, Jean

التنسيق: كتاب

اللغة: French

منشور في: Paris : Éditions Astra, [between 1940 and 1949?].

الموضوعات:

الوسوم: إضافة وسم

لا توجد وسوم, كن أول من يضع وسما على هذه التسجيلة!

رقم الطلب: BL2441 .M44 194-

LEADER 00746nam a2200229K 4500
001 4799
003 OSt
005 20250929055817.0
008 130303q19401949fr a b 000 0 fre d
040 |c ARCE Library 
050 4 |a BL2441 .M44 194- 
100 1 |a Meslin, Henri Louis.  |e author  |9 27675 
245 1 3 |a La tradition égyptienne ... /  |c Henri Louis Meslin ; illustrations de Jean Chaboseau. 
264 1 |a Paris :   |b Éditions Astra,   |c [between 1940 and 1949?]. 
300 |a 256 pages :  |b illustrations ;  |c 25 cm. 
500 |a Author's pseud. H. M. de Campigny, at head of title. 
504 |a Bibliographical footnotes.  
651 0 |a Egypt  |x Religion. 
700 1 |a Chaboseau, Jean,  |9 27869 
901 |a reviewed 
942 |c BK  |2 lcc 
999 |c 7619  |d 7619